00270nam a2200121Ia 4500008004100000100001400041245003700055260001200092260001100104260000900115300000700124650001700131160226s9999 xx 000 0 und d10aThomas,N. aMode of Action of Antioxidents31 aColombo bIchemc c2015 a31 aAntioxidants